000 00269nam a2200121Ia 4500
008 190216s9999||||xx |||||||||||||| ||und||
100 _aNull
245 0 _aTripple Ax
260 _bC I C C Book House
_c1989
300 _a242p
650 _aMalayalam Novel
942 _cBK
999 _c27557
_d27557